| 000 | 00522nam a2200229Ia 4500 | ||
|---|---|---|---|
| 008 | 171025s9999 xx 000 0 und d | ||
| 020 | _a848727800 | ||
| 050 | _a641.7 | ||
| 050 | _bD644 2003 | ||
| 100 | _aDodge, Abigail | ||
| 245 | _aKids baking / | ||
| 245 | _cby Abigail Dodge. | ||
| 260 | _aUSA : | ||
| 260 | _bOxmoore House, | ||
| 260 | _c2003 | ||
| 300 | _a128 pages : | ||
| 300 | _bcolored illustrations ; | ||
| 300 | _c23cm. | ||
| 500 | _aIncludes index. | ||
| 650 | _aBaking. | ||
| 700 | _aTitle. | ||
| 999 |
_c344725 _d344725 |
||